[Event "Montserrat op"]
[Site "Montserrat"]
[Date "2022.09.04"]
[Round "9"]
[White "Martinez Villena, David"]
[Black "Gavarrete, Joel"]
[Result "1-0"]
[WhiteElo "1957"]
[BlackElo "2035"]
[PlyCount "49"]
[EventDate "2022.08.29"]
[EventType "swiss"]
[EventRounds "9"]
[EventCountry "ESP"]
[SourceTitle "CBM 210 Extra"]
[Source "ChessBase"]
[SourceDate "2022.11.30"]
[SourceVersion "1"]
[SourceVersionDate "2022.11.30"]
[SourceQuality "1"]

1. e4 e5 2. Nf3 Nf6 3. Nc3 Nc6 4. d4 exd4 5. Nxd4 Nxd4 6. Qxd4 d6 7. Bf4 Be7 8. f3 Be6 9. 0-0-0 0-0 10. g4 c5 11. Qd2 Qa5 12. Kb1 Kh8 13. h4 b5 14. h5 b4 15. Nd5 Rfc8 16. g5 Nxd5 17. exd5 Bf5 18. Bh3 Bxh3 19. Rxh3 c4 20. h6 Bf8 21. hxg7+ Bxg7 22. Rdh1 Qb6 23. Be3 Qd8 24. Rxh7+ Kg8 25. Bd4 1-0

[Event "Montserrat op"]
[Site "Montserrat"]
[Date "2022.08.31"]
[Round "4"]
[White "Gavarrete, Joel"]
[Black "Perez Travieso, Saul"]
[Result "1/2-1/2"]
[WhiteElo "2035"]
[BlackElo "1848"]
[PlyCount "96"]
[EventDate "2022.08.29"]
[EventType "swiss"]
[EventRounds "9"]
[EventCountry "ESP"]
[SourceTitle "CBM 210 Extra"]
[Source "ChessBase"]
[SourceDate "2022.11.30"]
[SourceVersion "1"]
[SourceVersionDate "2022.11.30"]
[SourceQuality "1"]

1. Nf3 Nf6 2. b3 e6 3. Bb2 b6 4. g3 Bb7 5. Bg2 Be7 6. c4 0-0 7. Nc3 d5 8. cxd5 exd5 9. d4 Nbd7 10. 0-0 Re8 11. Rc1 c6 12. e3 Bb4 13. Nd2 Qe7 14. Re1 c5 15. a3 Bxc3 16. Bxc3 Ne4 17. Nxe4 dxe4 18. dxc5 Nxc5 19. Bb4 Rac8 20. Bxc5 Rxc5 21. Rxc5 Qxc5 22. Qd7 Bc6 23. Qxa7 Qc3 24. Rd1 Qxb3 25. Rc1 Bd5 26. Qe7 Qa4 27. Qd6 Qb3 28. h4 h6 29. Qd7 Ra8 30. Rc8+ Rxc8 31. Qxc8+ Kh7 32. Qf5+ g6 33. Qf6 b5 34. Qe7 Qd1+ 35. Kh2 Qc2 36. Qe5 Qd3 37. h5 Bc6 38. hxg6+ Kxg6 39. Bh3 Kh7 40. Qf6 Qd5 41. Qf5+ Qxf5 42. Bxf5+ Kg7 43. g4 Kf6 44. Kg3 Kg5 45. Bc8 Bd5 46. Ba6 Bc6 47. Bc8 Bd5 48. Ba6 Bc6 1/2-1/2

[Event "Montserrat op"]
[Site "Montserrat"]
[Date "2022.08.30"]
[Round "2"]
[White "Gavarrete, Joel"]
[Black "Sanmartin Paya, Ignacio"]
[Result "1-0"]
[WhiteElo "2035"]
[BlackElo "1578"]
[PlyCount "71"]
[EventDate "2022.08.29"]
[EventType "swiss"]
[EventRounds "9"]
[EventCountry "ESP"]
[SourceTitle "CBM 210 Extra"]
[Source "ChessBase"]
[SourceDate "2022.11.30"]
[SourceVersion "1"]
[SourceVersionDate "2022.11.30"]
[SourceQuality "1"]

1. Nf3 d5 2. b3 c5 3. Bb2 Nc6 4. e3 e6 5. Bb5 Bd7 6. 0-0 Nf6 7. d4 Qc7 8. Nbd2 cxd4 9. exd4 Be7 10. a3 a6 11. Bd3 0-0 12. Ne5 Be8 13. f4 Nd7 14. Qe2 f6 15. Nxc6 Qxc6 16. c4 Bd8 17. Rac1 Qd6 18. Bc3 a5 19. c5 Qc6 20. Bb5 Qc8 21. Qxe6+ Kh8 22. Qxd5 f5 23. Rfe1 Nf6 24. Qd6 Kg8 25. Rxe8 Rxe8 26. Bxe8 Bc7 27. Qe7 Nxe8 28. Nc4 Bxf4 29. Nb6 Qd8 30. Qe6+ Kh8 31. Rf1 Nc7 32. Qxf5 Be3+ 33. Kh1 Rb8 34. Nd7 Ra8 35. Nf8 Nb5 36. Qxh7# 1-0

[Event "Montserrat op"]
[Site "Montserrat"]
[Date "2022.08.29"]
[Round "1"]
[White "Ainsa Jimenez, Lucas"]
[Black "Gavarrete, Joel"]
[Result "0-1"]
[WhiteElo "1351"]
[BlackElo "2035"]
[PlyCount "100"]
[EventDate "2022.08.29"]
[EventType "swiss"]
[EventRounds "9"]
[EventCountry "ESP"]
[SourceTitle "CBM 210 Extra"]
[Source "ChessBase"]
[SourceDate "2022.11.30"]
[SourceVersion "1"]
[SourceVersionDate "2022.11.30"]
[SourceQuality "1"]

1. e4 c5 2. Nf3 d6 3. d4 cxd4 4. Nxd4 Nf6 5. Nc3 g6 6. Be3 Bg7 7. f3 a6 8. a4 Nc6 9. Bc4 Bd7 10. Nxc6 Bxc6 11. Qd2 Qa5 12. 0-0 Qc7 13. Bd4 0-0 14. Nd5 Bxd5 15. Bxd5 Nxd5 16. Bxg7 Kxg7 17. exd5 Qb6+ 18. Kh1 Qxb2 19. Rab1 Qa2 20. Rxb7 Qxa4 21. Rxe7 Rfc8 22. c3 Qc4 23. Qd4+ Qxd4 24. cxd4 a5 25. Ra1 a4 26. Rd7 a3 27. Rb7 a2 28. h3 Rc2 29. Kh2 Ra3 30. Kg3 h5 31. h4 Rd3 32. Rb6 Rdd2 33. Rg1 Rxg2+ 34. Rxg2 Rxg2+ 35. Kxg2 a1Q 36. Rxd6 Qb2+ 37. Kh3 Qxd4 38. Rd8 Qf6 39. Re8 Qxf3+ 40. Kh2 Qxd5 41. Re2 Qc4 42. Rg2 Qxh4+ 43. Kg1 f5 44. Kf1 f4 45. Rf2 Qh1+ 46. Ke2 Qe4+ 47. Kf1 f3 48. Kg1 Qe1+ 49. Rf1 Qg3+ 50. Kh1 Qg2# 0-1

[Event "Olympiad-44"]
[Site "Chennai"]
[Date "2022.08.09"]
[Round "11.3"]
[White "Salim Issa, Ali Shamas"]
[Black "Gavarrete, Joel"]
[Result "0-1"]
[WhiteElo "1851"]
[BlackElo "2035"]
[PlyCount "162"]
[EventDate "2022.07.29"]
[EventType "team-swiss"]
[EventRounds "11"]
[EventCountry "IND"]
[SourceTitle "CBM 210"]
[Source "ChessBase"]
[SourceDate "2022.10.31"]
[SourceVersion "1"]
[SourceVersionDate "2022.10.31"]
[SourceQuality "1"]
[WhiteTeam "Oman"]
[BlackTeam "Honduras"]
[WhiteTeamCountry "OMN"]
[BlackTeamCountry "HON"]

1. d4 d5 2. Nf3 Nf6 3. c4 e6 4. Nc3 Be7 5. Qb3 a6 6. cxd5 exd5 7. Bg5 c6 8. e3 0-0 9. Bd3 Nbd7 10. 0-0 b5 11. a4 b4 12. Nb1 a5 13. Nbd2 c5 14. Bxf6 Nxf6 15. dxc5 Bxc5 16. Rac1 Bb6 17. Qc2 Bd7 18. b3 Qe7 19. Bf5 Rfd8 20. Bxd7 Rxd7 21. Qc6 Rb8 22. Qc2 Rc7 23. Qd3 Rbc8 24. Rxc7 Qxc7 25. h3 h6 26. Qf5 Qc2 27. Qxc2 Rxc2 28. Rd1 Rc3 29. Kf1 Kf8 30. Ke2 Ke7 31. Ne5 Ke6 32. Nd3 g5 33. g3 Rc2 34. Rc1 Rxc1 35. Nxc1 Ne4 36. Nf3 f5 37. Nd3 h5 38. h4 g4 39. Nf4+ Kd6 40. Ng5 Nc5 41. Nxh5 Nxb3 42. Nf4 Bd8 43. Nf7+ Ke7 44. Nxd8 Kxd8 45. Nxd5 Nc5 46. h5 Ke8 47. h6 Kf7 48. Ne7 Nxa4 49. Nxf5 Kg6 50. e4 Nc5 51. e5 a4 52. Kd2 a3 53. Kc2 b3+ 54. Kb1 Na4 55. Ne7+ Kxh6 56. Nd5 Nc5 57. Ne3 Ne4 58. Nc4 Nc3+ 59. Ka1 b2+ 60. Nxb2 axb2+ 61. Kxb2 Nd1+ 62. Kc2 Nxf2 63. Kd2 Kg5 64. e6 Kf6 65. Ke3 Nh3 66. e7 Kxe7 67. Kd4 Kd6 68. Ke4 Ke6 69. Kd4 Kf5 70. Ke3 Ke5 71. Kd3 Nf2+ 72. Ke2 Ne4 73. Ke3 Nxg3 74. Kf2 Kf4 75. Kg2 Ne4 76. Kh2 Kf3 77. Kg1 g3 78. Kf1 g2+ 79. Kg1 Ng3 80. Kh2 Ne2 81. Kh3 g1Q 0-1

[Event "Olympiad-44"]
[Site "Chennai"]
[Date "2022.07.29"]
[Round "1.3"]
[White "Gavarrete, Joel"]
[Black "Sanal, Vahap"]
[Result "0-1"]
[WhiteElo "2035"]
[BlackElo "2574"]
[PlyCount "106"]
[EventDate "2022.07.29"]
[EventType "team-swiss"]
[EventRounds "11"]
[EventCountry "IND"]
[SourceTitle "CBM 210"]
[Source "ChessBase"]
[SourceDate "2022.10.31"]
[SourceVersion "1"]
[SourceVersionDate "2022.10.31"]
[SourceQuality "1"]
[WhiteTeam "Honduras"]
[BlackTeam "Turkey"]
[WhiteTeamCountry "HON"]
[BlackTeamCountry "TUR"]

1. Nf3 d5 2. b3 Bf5 3. Bb2 e6 4. e3 Nf6 5. Be2 h6 6. 0-0 Be7 7. d3 0-0 8. Nbd2 Nbd7 9. Re1 a5 10. a4 Bh7 11. Bf1 Re8 12. e4 dxe4 13. Nxe4 Nxe4 14. dxe4 Nc5 15. Bd3 Nxd3 16. Qxd3 Qxd3 17. cxd3 Red8 18. Red1 f6 19. Kf1 Rd7 20. Bc3 Kf8 21. Ke2 b6 22. Nd2 Rad8 23. Nc4 e5 24. f3 Bg8 25. Bb2 Be6 26. Ba3 Bxa3 27. Rxa3 h5 28. Raa1 h4 29. Rac1 Ke7 30. Rc3 Rb8 31. Rdc1 g6 32. Ke3 Re8 33. Nd2 Kd8 34. Rc6 Rf7 35. h3 Bc8 36. R6c3 Bb7 37. R1c2 Rd7 38. Ke2 Kc8 39. Nc4 Kb8 40. Ke3 Red8 41. Rc1 Ba6 42. R1c2 Rd4 43. Nb2 R8d7 44. Nc4 g5 45. Rd2 Rd8 46. Rdc2 c6 47. Nxb6 Rxd3+ 48. Kf2 Rxc3 49. Rxc3 Kb7 50. Nc4 Bxc4 51. Rxc4 Rd2+ 52. Kf1 Rd3 53. b4 Rd4 0-1

[Event "HON-ch qual1"]
[Site "San Pedro Sula"]
[Date "2019.11.19"]
[Round "3"]
[White "Gavarrete, Joel"]
[Black "Colindres, Daniel"]
[Result "1-0"]
[WhiteElo "2065"]
[BlackElo "2149"]
[PlyCount "135"]
[EventDate "2019.11.18"]
[EventType "swiss"]
[EventRounds "7"]
[EventCountry "HON"]
[SourceTitle "EXT 2021"]
[Source "ChessBase"]
[SourceDate "2020.10.23"]
[SourceVersion "1"]
[SourceVersionDate "2020.10.23"]
[SourceQuality "1"]

1. e4 Nf6 2. e5 Nd5 3. d4 d6 4. Nf3 dxe5 5. Nxe5 c6 6. Nf3 g6 7. h3 Bg7 8. c4 Nb6 9. Nc3 Be6 10. b3 c5 11. Be3 Nc6 12. Ne2 Bf5 13. a3 Be4 14. d5 Bxf3 15. gxf3 Ne5 16. Bg2 Nd3+ 17. Kf1 Qc7 18. f4 Nb2 19. Qb1 0-0 20. Ra2 N6xc4 21. bxc4 Nxc4 22. Qc1 Nxe3+ 23. fxe3 Rac8 24. Qc4 Qa5 25. a4 Qb4 26. Rc2 a6 27. Kf2 Qxc4 28. Rxc4 b5 29. axb5 axb5 30. Rc2 c4 31. Rb1 Rc5 32. Nd4 Rb8 33. Nc6 Rb7 34. Nb4 Rb6 35. Nd3 Rc7 36. Ne5 Bf6 37. Nxc4 b4 38. Be4 Rb5 39. d6 exd6 40. Nxd6 Rxc2+ 41. Bxc2 Rd5 42. Ne4 Be7 43. Bb3 Rh5 44. Kg2 Ra5 45. Nf2 Rc5 46. Kf3 Kg7 47. Rd1 h5 48. Rd7 Kf8 49. Ne4 Ra5 50. Ng5 f6 51. Ne6+ Ke8 52. Rd5 Ra3 53. Rd3 h4 54. Kg4 f5+ 55. Kf3 Ra1 56. Rd1 Ra3 57. Nc7+ Kf8 58. Rb1 Kg7 59. Nb5 Ra5 60. Nd4 Bd6 61. Rd1 Ra6 62. Ne6+ Kf6 63. Ng5 Rb6 64. e4 fxe4+ 65. Nxe4+ Ke7 66. Rxd6 Rxd6 67. Nxd6 Kxd6 68. Kg4 1-0

[Event "HON-ch qual1"]
[Site "San Pedro Sula"]
[Date "2019.11.18"]
[Round "1"]
[White "Gavarrete, Joel"]
[Black "Urbina Toro, Roy"]
[Result "1-0"]
[WhiteElo "2065"]
[BlackElo "1520"]
[PlyCount "29"]
[EventDate "2019.11.18"]
[EventType "swiss"]
[EventRounds "7"]
[EventCountry "HON"]
[SourceTitle "EXT 2021"]
[Source "ChessBase"]
[SourceDate "2020.10.23"]
[SourceVersion "1"]
[SourceVersionDate "2020.10.23"]
[SourceQuality "1"]

1. e4 e5 2. Nf3 Nf6 3. Nxe5 d6 4. Nf3 Nxe4 5. Nc3 Qe7 6. Nd5 Nxf2+ 7. Nxe7 Nxd1 8. Nxc8 Kd7 9. Kxd1 Kxc8 10. Bc4 f6 11. d4 Kd7 12. Re1 c6 13. d5 g6 14. Bf4 Bg7 15. Re6 1-0

[Event "Guatemala op"]
[Site "Guatemala City"]
[Date "2019.01.11"]
[Round "5"]
[White "Calderin Gonzalez, Roberto"]
[Black "Gavarrete, Joel"]
[Result "1-0"]
[WhiteElo "2427"]
[BlackElo "2040"]
[PlyCount "77"]
[EventDate "2019.01.09"]
[EventType "swiss"]
[EventRounds "9"]
[EventCountry "GUA"]
[SourceTitle "CBM 188 Extra"]
[Source "ChessBase"]
[SourceDate "2019.02.26"]
[SourceVersion "1"]
[SourceVersionDate "2019.02.26"]
[SourceQuality "1"]

1. d4 d5 2. Nf3 Bf5 3. c4 e6 4. Nc3 c6 5. Qb3 Qb6 6. c5 Qxb3 7. axb3 Nd7 8. b4 Ngf6 9. b5 Be7 10. bxc6 bxc6 11. Bf4 Nh5 12. Bd2 0-0 13. b4 Rfb8 14. e3 Ndf6 15. Ne5 Rxb4 16. Nxc6 Rb7 17. f3 Rc8 18. Nxe7+ Rxe7 19. Be2 e5 20. Kf2 e4 21. f4 Bg4 22. Nxd5 Rd7 23. Nxf6+ Nxf6 24. h3 Bxe2 25. Kxe2 Rb7 26. Rhb1 Rcb8 27. Rxb7 Rxb7 28. Ra6 Kf8 29. c6 Rc7 30. Bb4+ Ke8 31. Bd6 Rc8 32. Be5 Nd5 33. Bd6 Rd8 34. Bc5 Rc8 35. f5 Rb8 36. Rxa7 Rb2+ 37. Ke1 Rb8 38. Rd7 Nxe3 39. Re7+ 1-0

[Event "Guatemala op"]
[Site "Guatemala City"]
[Date "2019.01.10"]
[Round "3"]
[White "Zaragatski, Ilja"]
[Black "Gavarrete, Joel"]
[Result "1-0"]
[WhiteElo "2465"]
[BlackElo "2040"]
[PlyCount "59"]
[EventDate "2019.01.09"]
[EventType "swiss"]
[EventRounds "9"]
[EventCountry "GUA"]
[SourceTitle "CBM 188 Extra"]
[Source "ChessBase"]
[SourceDate "2019.02.26"]
[SourceVersion "1"]
[SourceVersionDate "2019.02.26"]
[SourceQuality "1"]

1. c4 Nf6 2. g3 g6 3. Bg2 Bg7 4. Nc3 0-0 5. d3 d6 6. Rb1 c5 7. a3 Nbd7 8. e3 Rb8 9. b4 a6 10. b5 a5 11. Nge2 b6 12. 0-0 Bb7 13. e4 e6 14. h3 d5 15. exd5 exd5 16. cxd5 Ne8 17. d4 Rc8 18. dxc5 Rxc5 19. Na4 Rc4 20. Be3 Nd6 21. Nd4 Nc5 22. Nxc5 bxc5 23. Nc6 Qb6 24. a4 Re8 25. Re1 Ne4 26. Rc1 Nc3 27. Qd3 Rxa4 28. Rxc3 Bxc3 29. Qxc3 Qxb5 30. Bh6 1-0